Chronologie československého vnitřního obchodu 1944-1987
Gespeichert in:
| 1. Verfasser: | |
|---|---|
| Format: | Buch |
| Sprache: | Tschechisch |
| Veröffentlicht: |
Praha
Výzkumný ústav obchodu
1987
|
| Schriftenreihe: | Knižnice VÚO
219 |
| Tags: |
Keine Tags, Fügen Sie das erste Tag hinzu!
|
MARC
| LEADER | 00000nam a2200000 4500 | ||
|---|---|---|---|
| 001 | c023039 | ||
| 005 | 20251110132144.0 | ||
| 041 | 0 | |a cze | |
| 044 | |a CZ | ||
| 245 | 1 | 0 | |a Chronologie československého vnitřního obchodu 1944-1987 |c Stanislav Kroc |
| 264 | 1 | |a Praha |b Výzkumný ústav obchodu |c 1987 | |
| 300 | |a 108 s. | ||
| 490 | 1 | |a Knižnice VÚO |v 219 | |
| 830 | 0 | |a Knižnice VÚO |v 219 | |
| 100 | 1 | |a Kroc, Stanislav | |